| 000 | 00971nas1a22002531i 4500 | ||
|---|---|---|---|
| 001 | RU\NLR\INFOCOMM16\1000015535 | ||
| 005 | 20240726005057.0 | ||
| 035 | _a(NLR Aleph) 002786801 | ||
| 090 |
_a2455679 _c2455679 |
||
| 100 | _a20040120c1978 |||y0rusy50 ca | ||
| 101 | 0 | _arus | |
| 102 | _aRU | ||
| 110 | _azyu||||0|y0 | ||
| 200 | 1 |
_aВопросы технического прогресса и организации производства в машиностроении _fГос. ком. Совета Министров СССР по науке и технике АНСССР ВИНИТИ |
|
| 210 |
_aМ. _d1978- |
||
| 712 | 0 | 2 |
_aВИНИТИ _4570 |
| 801 | 1 |
_aRU _bInfoComm _c20040120 |
|
| 801 | 0 |
_aRU _bNLR _gPSBO |
|
| 852 |
_aNLR _jП10/5541 |
||
| 942 | _cSE | ||
| 980 | _aRUSPER | ||